| 000 | 00607nam a22001337a 4500 | ||
|---|---|---|---|
| 008 | 110610t xxu||||| |||| 00| 0 eng d | ||
| 010 | _aSCCAF25 | ||
| 245 | _aSuprime Court of Civil Appeal No.9 of 1995 Nelson Mabirii vs Sulaiman Mayanja | ||
| 260 | _c1995 | ||
| 500 | _a CORAM:Mayindo, D.C.J., ODER,J.S.C., and Tsekooko, J.S.C | ||
| 500 | _aAppeal from judgment of High Court of Uganda at Kampala (Okello J. dated 29/ Aug, 1994. | ||
| 999 |
_c2613 _d2613 |
||